00584cam a22001931 450000100060000000300080000600500170001400800410003103500190007204000230009104100080011408200220012210000480014424500680019226000390026030000350029950400300033465000260036457650BD-RjUL20211209080534.0720309t19681948nyua b 000 0 eng  a(BD-RjUL)57774 aDLCcDLCdDLCbeng aeng00a121223bWEB 19681 aWerkmeister, W. H.q(William Henry),d1901-14aThe basis and structure of knowledge /c[by] W. H. Werkmeister. aNew York :bGreenwood Press,c1968 axi, 451 p. :billus. ;c22 cm. aBibliography: p. 420-438. 0aKnowledge, Theory of.